000
00281nam a2200097Ia 4500
001
1290408
005
20260417164515.0
008
260417s9999 xx 000 0 und d
245
0
_a
TÜRKİYE'Yİİ GEZİYORUM 5 LEVENT MUĞLA'DA
_c
MUSTAFA ORAKÇI
260
_b
TİMAŞ ÇOCUK YAYINLARI
999
_c
1290408
_d
1290408